| 000 | 02068nam0a2200349 i 4500 | ||
|---|---|---|---|
| 001 | RU\NLR\BIBL_A\010785247 | ||
| 005 | 20260409064027.0 | ||
| 021 |
_aRU _b15-36884 |
||
| 035 | _a(NILC)RuMoRGB-007933328 | ||
| 035 | _a(NLR Aleph) 010785247 | ||
| 090 |
_a10087747 _c10087747 |
||
| 100 | _a20150619d2015 m y0rusy50 ca | ||
| 101 | 0 | _arus | |
| 102 | _aRU | ||
| 105 | _ay|||n|||001yy | ||
| 200 | 1 |
_aУголовно-процессуальный кодекс Российской Федерации _hглавы 1-32.1 _eпостатейный научно-практический комментарий _f[Рос. газ. _gАнтонович Елена Константиновна - к.ю.н., полк. внутр. службы в отставке и др.] _gотв. ред. д.ю.н., проф. Л.А. Воскобитова |
|
| 210 |
_aМосква _cРедакция "Российской газеты" _d2015 |
||
| 215 |
_a911 с. _d20 |
||
| 225 | 1 | _aКодексы Российской Федерации | |
| 309 | _aНа тит. л., обл. и в вып. дан.: Вып. III-IV | ||
| 320 | _aБиблиогр. в подстроч. примеч. | ||
| 320 | _aУказ. сокр.: с. 896-897 | ||
| 604 |
_171001$aРоссийская Федерация _1500##$aУголовно-процессуальный кодекс$jКомментарии$2nlr_sh2$3RU\NLR\AUTH\661293027 _3RU\NLR\AUTH\661293027 _aРоссийская Федерация _tУголовно-процессуальный кодекс _jКомментарии _92146253 |
||
| 686 | 1 | _aХ629.3-324.9(2Р) | |
| 702 | 1 |
_aАнтонович _bЕ. К. _gЕлена Константиновна _4220 |
|
| 702 | 1 |
_aВоскобитова _bЛ. А. _gЛидия Алексеевна _4340 |
|
| 741 | 1 |
_aРоссийская Федерация _tЗаконы _iУголовно-процессуальный кодекс _3RU\NLR\AUTH\880379492 _9425373 |
|
| 801 | 0 |
_aRU _bРГБ _c20150513 _gRCR |
|
| 942 | _cBOOK | ||
| 980 | _aNBR | ||